000 00541nam a2200217Ia 4500
003 OSt
005 20221005113615.0
006 a|||||r|||| 00| 0
007 ta
008 221004b |||||||| |||| 00| 0 mar d
024 _a46919
037 _cTextual
040 _aCRL
_cCRL
_bmar
041 _2mar
_amar
082 _aQ21:2251, 155H6.2
245 0 _aAadyata ramyan arya tika
260 _c1962
650 _aMARATHI LITERATURE
_938000
942 _hQ21:2251, 155H6.2
_cTEXL
_2cc
999 _c1028723
_d1028723